Tennyson

Saved in:
Bibliografiske detaljer
Hovedforfatter: Ricks, Cristopher (Author)
Format: Bog
Sprog:engelsk
Udgivet: Nueva York Macmillan 1972
Serier:Masters of World Literature Series
Fag:
Tags: Tilføj Tag
Ingen Tags, Vær først til at tagge denne postø!

MARC

LEADER 00000nam a2200000 a 4500
001 UCQ3725
003 CL-VaPUC
008 980828e19720000US |||||||||||||||||eng|d
082 0 4 |a 821.09  |b RIC  |2 21 
100 0 |a Ricks, Cristopher  |e author  |9 417978 
245 1 0 |a Tennyson 
300 |a 349 p 
942 |c BK 
945 |d 19980828 00:00:00  |a crobeson 
260 |a Nueva York  |b Macmillan  |c 1972 
600 0 7 |a TENNYSON, ALFRED  |2 CL-VaPUC  |9 417979 
650 0 |a Poesía inglesa   |9 264944 
650 0 |a Literatura inglesa  |9 312907 
650 0 |a Crítica e interpretación   |9 255042 
650 0 |a Crítica literaria   |9 269189 
583 |a last modification  |c 19980828 00:00:00  |k Rodrigo Vera 
490 0 |a Masters of World Literature Series 
999 |c 274241  |d 274239 
952 |0 0  |1 0  |4 0  |6 821_090000000000000_RIC_1972  |7 0  |8 A  |9 310366  |a BIBEDU  |b BIBEDU  |d 2019-11-20  |i 1457500  |o 821.09 RIC 1972  |p 1457500  |r 2019-11-20  |w 2019-11-20  |y BK  |k LIT